Trabzon'u anlamak (Record no. 2420)

MARC details
000 -BAŞLIK
Sabit Uzunlukta Kontrol Alanı 00857na a2200301 4500
001 - KONTROL NUMARASI
Denetim Alanı 16510
003 - KONTROL NUMARASI IDENTIFIER
Denetim Alanı MIRAKIL
005 - SON İŞLEM TARİHİ VE ZAMANI
Denetim Alanı 20181213154857.0
008 - SABİT-BOY VERİ ELEMANLARI - GENEL BİLGİLER
Sabit Uzunlukta Kontrol Alanı 161008b tu 000 0
020 ## - ULUSLARARASI STANDART KİTAP NUMARASI
Uluslararası Standart Kitap Numarası 9789750506482
035 ## - SİSTEM KONTROL NUMARASI
Sistem Kontrol Numarası 16510
040 ## - KATALOGLAMA KAYNAK
Orijinal Kataloglama Ajansı Milas
Kataloglama Dili tur
Metne Dönüştürmek Ajansı TR-AnCHP
041 ## - DİL KODU
Metin / Ses Parça Veya Ayrı Başlığın Dil Kodu tur
082 ## - DEWEY ONLU SINIFLANDIRMA NUMARASI
Sınıflandırma Numarası 956.325
Ürün Numarası T62 2009
090 ## - SINIFLAMA NUMARASI
Sınıflama Numarası 956.325 T62 2009
245 ## - BAŞLIK TABLOSU
Başlık Trabzon'u anlamak
Sorumluluk Tablosu, Vb derleyenler Güven Bakırezer, Yücel Demirer
260 ## - YAYIN, DAĞITIM, VB
Yayın, Dağıtım, Vb Yeri İstanbul
Yayıncı, Dağıtıcı, Vs Adı İletişim yayınları
Yayın, Dağıtım, Vb Tarihi 2009
300 ## - FİZİKSEL TANIM
Kapsam 429 s.
Diğer Fiziksel Ayrıntıları fotg.
Boyutlar 21 sm.
440 ## - SERİSİ TABLOSU / KATMA GİRİŞİ - BAŞLIK
Başlık İletişim yayınları
Hacim / Ardışık Tanımı 1365
490 ## - SERİSİ TABLOSU
Seri Beyanı Memleket Kitapları
Hacim / Ardışık Tanımı 14
504 ## - KAYNAKÇA VB NOT
Kaynakça Vb Notu Kaynakça var.
651 ## - KONU KATMA GİRİŞ - COĞRAFİ ADI
Coğrafi İsim Trabzon
Genel Alt Bölümü Kültürel yaşam
651 ## - KONU KATMA GİRİŞ - COĞRAFİ ADI
Coğrafi İsim Trabzon
Genel Alt Bölümü Sosyo ekonomik durum
651 ## - KONU KATMA GİRİŞ - COĞRAFİ ADI
Coğrafi İsim Trabzon
Genel Alt Bölümü Derlemeler
700 ## - KATMA GİRİŞ - KİŞİSEL İSİM
Kişisel Ad Demirer, Yücel
700 ## - KATMA GİRİŞ - KİŞİSEL İSİM
Kişisel Ad Bakırezer, Güven
942 ## - EKLENDİ GİRİŞ ELEMANLARI (KOHA)
Sınıflandırma Veya Raf Düzeni Kaynak
Koha Öğesi Türü Books
999 ## - SİSTEM KONTROL NUMARALARI (KOHA)
Koha Biblionumber 2420
Koha Biblioitemnumber 2420
Holdings
Kalıcı Konum Mevcut Konum Edinme Tarihi Edinim Kaynak Toplam Check-Out'Lar Tam Çağrı Numarası Barkod Tarih Son Görülme İtibaren Geçerli Fiyatlar Koha Öğesi Türü
CHP Kütüphanesi CHP Kütüphanesi 10/07/2016 Bağış   956.325 T62 2009 004713 10/07/2016 10/07/2016 Books